00815 a2200169 4500003000500000005001700005010001600022020001500038040000900053082002000062100002500082245005900107260004900166300002900215505036600244650003500610Nust20221206123959.0 a 78021522 a0136935494 cNust00a621.3815483,DOU2 aDouglas-young, John.10aPractical oscilloscope handbook /cJohn Douglas-Young. aWest Nyack, N.Y. :bParker Pub. Co.,cc1979. a224 p. :bill. ;c24 cm. aUnderstanding Oscilloscopes (Page-15), Focusing on the CRT (Page-27), Vertical Amplifier (Page-55), Generating the Sweep (Page-79), Triggering and Amplifying the Sweep (Page-163), Using Waveforms (Page-123), Using your Scope for Troubleshooting (Page-145), Alignment of TV and FM (Page-161), Waveform Analysis (Page-179), Calibration and Maintenance (Page-203). 0aTelecommunication Engineering.